00980nam a2200157Ia 4500008004100000020001500041050001900056100004100075245013700116250001800253260004800271300004200319500001000361505043000371650002100801120720s1999 mx a 000 0 spa d a9684443943 aD208 bD4 1999 aDelgado de Cantú, Gloria M.eautor aEl mundo moderno y contemporáneo Ib : de los albores de la modernidad a la competencia imperialistac / Gloria Delgado de Cantú a4a. edición aMéxicob : Addison Wesley Longmanc, 1999 axvi, 543 páginas b : ilustraciones aVol.1 aLa historia: conceptos, metodología y didáctica Edad moderna: la renovación del mundo occidental Edad moderna: el mundo asiático entre los siglos XIV y XVIII Edad moderna: la era del absolutismo monárquico en Europa De la edad moderna a la edad contemporánea: la era de las revoluciones Edad contemporánea: era napoleónica y revoluciones liberales Edad contemporánea: del nacionalismo al imperialismo  0aHISTORIA MODERNA